|
|
|
|
| LEADER |
00000cam a2200000 7i4500 |
| 001 |
0000044092 |
| 005 |
20151222.0 |
| 008 |
141214 |
| 020 |
|
|
|a 9674442910
|
| 020 |
|
|
|a 9789674442910
|
| 090 |
0 |
0 |
|a JF
|b REG MAL
|
| 100 |
1 |
|
|a Hafiz
|c Ustaz
|
| 245 |
1 |
0 |
|a Cerita teladan dari 3 benua
|c Hafiz .
|n Part 6
|
| 260 |
|
|
|a Kuala Lumpur :
|b Synergy Media ,
|c 2014
|
| 300 |
|
|
|a 133pg. :
|b col. ill.
|
| 440 |
|
|
|a Siri kisah al-quran dan teladan rasul
|
| 500 |
|
|
|a Children ages 7-9 years old (orange)
|
| 650 |
|
0 |
|a Religions
|x life and practice
|x Islam
|
| 999 |
|
|
|a 0001325137
|b Book
|c Children Collection
|e Cawangan Bandar Tenggara
|
| 999 |
|
|
|a 0001325138
|b Book
|c Children Collection
|e Cawangan Batu Pahat
|
| 999 |
|
|
|a 0001325139
|b Book
|c Children Collection
|e Cawangan Kota Tinggi
|
| 999 |
|
|
|a 000132513
|b Book
|c Children Collection
|e Cawangan Batu Pahat
|
| 999 |
|
|
|a 0001325140
|b Book
|c Children Collection
|e Cawangan Bandar Penawar
|
| 999 |
|
|
|a 0001325141
|b Book
|c Children Collection
|e Cawangan Pontian
|
| 999 |
|
|
|a 0001325142
|b Book
|c Children Collection
|e Cawangan Mersing
|
| 999 |
|
|
|a 0001325143
|b Book
|c Children Collection
|e Cawangan Taman Sri Lambak
|
| 999 |
|
|
|a 0001325144
|b Book
|c Adult Collection
|e Cawangan Muar
|
| 999 |
|
|
|a 0001325145
|b Book
|c Children Collection
|e Cawangan Tangkak
|
| 999 |
|
|
|a 0001325146
|b Book
|c Children Collection
|e Cawangan Tmn. Ungku Tun Aminah
|
| 999 |
|
|
|a 0001325147
|b Book
|c Children Collection
|e Cawangan Segamat
|
| 999 |
|
|
|a 0001325148
|b Book
|c Children Collection
|e Cawangan Bukit Gambir
|
| 999 |
|
|
|a 0001325149
|b Book
|c Children Collection
|e Cawangan Taman Universiti
|
| 999 |
|
|
|a 0001325150
|b Book
|c Children Collection
|e Cawangan Sri Merlong
|
| 999 |
|
|
|a 0001335759
|b Book
|c Children Collection
|e Cawangan AEON Kulaijaya
|
| 999 |
|
|
|a 0001335760
|b Book
|c Children Collection
|e Cawangan Urban Transformation Centre
|
| 999 |
|
|
|a 0001335761
|b Book
|c Children Collection
|e Perbadanan Perpustakaan Awam Johor
|
| 999 |
|
|
|a 1325144
|b Book
|c Children Collection
|e Cawangan Muar
|